100 En Sık Kullanılan Türkçe Sözcük - Statistics

General Stats
  • This quiz has been taken 275 times
  • The average score is 20 of 100
Answer Stats
Rank Word % Correct
6 o
83%
7 ben
66%
71 sen
66%
99 ön
62%
33 biz
61%
54 siz
60%
78 su
58%
42 ya
58%
59 ev
57%
34 gitmek
55%
72 onlar
54%
2 ve
54%
17 gelmek
53%
38 ki
53%
11 ne
50%
8 demek
49%
14 almak
46%
81 yemek
46%
4 bu
45%
1 bir
44%
84 nasıl
39%
44 iki
35%
52 kalmak
32%
37 ara
31%
20 ama
29%
19 vermek
29%
92
28%
53 neden
27%
18 ile
26%
35
26%
3 olmak
24%
10 yapmak
23%
40 el
22%
32 gün
22%
49 yok
22%
45 bakmak
21%
31 görmek
20%
36 şey
20%
67 baş
16%
57 iyi
16%
15 var
16%
41 zaman
16%
9 çok
15%
24 en
13%
69 yan
13%
95 bunlar
12%
39 bilmek
11%
64 göz
11%
27 her
11%
100 son
11%
63 söylemek
11%
96 veya
11%
70 geçmek
10%
55 konu
10%
97 ilk
9%
93 ancak
8%
30 çıkmak
8%
43 çocuk
8%
82 hiç
8%
25 insan
8%
29 yıl
8%
51 yol
8%
12 gibi
6%
79 girmek
6%
46 çalışmak
5%
76 hal
5%
5 için
5%
28 istemek
5%
58 kadın
5%
16 kendi
5%
77 orta
5%
23 yer
5%
88 böyle
4%
87 bulmak
4%
48 büyük
4%
13 daha
4%
26 değil
4%
66 dünya
4%
22 kadar
4%
75 başka
3%
90 düşünmek
3%
60 ise
3%
94 kişi
3%
80 ülke
3%
89 yaşamak
3%
91 aynı
2%
50 başlamak
2%
85 bütün
2%
86 karşı
2%
21 sonra
2%
73 yeni
2%
83 bile
1%
61 diye
1%
65 gerekmek
1%
74 önce
1%
62 bulunmak
0%
68 durum
0%
98 göre
0%
47 içinde
0%
56 yapılmak
0%
No matching quizzes found
Score Distribution
Percent of People with Each Score
Percentile by Number Answered
Your Score History
You have not taken this quiz